| 000 | 00403nam a2200181Ia 4500 | ||
|---|---|---|---|
| 001 | 1499 | ||
| 005 | 20260306143733.0 | ||
| 008 | 260306t2013||||xx |||||||||||||| ||spa|| | ||
| 041 | _aESP | ||
| 082 |
_a150.287 _bM42 |
||
| 100 |
_aMeneses, Julio _eAUT |
||
| 245 | 0 | _aPsicometrĂa | |
| 260 | _c2013 | ||
| 300 |
_a273 páginas : _c24 cm. |
||
| 650 | _aGEN | ||
| 654 | _aCPS | ||
| 942 |
_cLIB _dJUS _fJUS _2ddc _n |
||
| 999 |
_c1499 _d1499 |
||